00434nam a2200145 4500001000700000003000900007005001700016007000300033008004100036100002400077245009700101260003800198300003100236852002100267139655ES-MaACL20230906195851.0t|070214q1916 it r ||||1| ita d1 aScherillo, Michele.13aL' opera buffa napoletana durante il Settecento b: storia letteraria / cMichele Scherillo. a[S. l.] : bR. Sandron, c[1916?] aXI, 541 p. ; c21 x 14 cm. aES-MaACLjG-6299